| 000 | 01061nam a2200253Ia 4500 | ||
|---|---|---|---|
| 003 | Ost | ||
| 005 | 20260507075504.0 | ||
| 008 | 260507s9999||||xx |||||||||||||| ||und|| | ||
| 020 | _a9961006941 | ||
| 040 | _cfsecg | ||
| 041 | _aara | ||
| 082 | _a330 | ||
| 100 |
_aحمومة، قدوج _eمؤلف |
||
| 245 | 0 |
_aعملية إبرام الصفقات العمومية في القانون الجزائري / _c قدوج حمومة |
|
| 250 | _aطبعة 3 | ||
| 260 |
_aالجزائر: _bديوان المطبوعات الجامعية, _c2008 |
||
| 300 |
_a163 صفحة؛ _bإيضاحات ؛ _c22 سم |
||
| 504 | _aببليوغرافيا:ص ص.157-160 | ||
| 520 | _aكيفيات وإجراءات إبرام الصفقات العمومية،كيفيات وإجراءات إبرام الصفقات العمومية،الصفقات العمومية في قانون(91-434)،الصفقات العمومية في قانون(02-250) | ||
| 653 | _aالجزائر | ||
| 653 | _aالصفاقات العمومية | ||
| 653 | _aقانون | ||
| 942 | _cكتاب | ||
| 999 |
_c44705 _d44705 |
||